| 000 | 00410nam a2200181Ia 4500 | ||
|---|---|---|---|
| 001 | 15723 | ||
| 005 | 20260306170217.0 | ||
| 008 | 260306t2003||||xx |||||||||||||| ||und|| | ||
| 041 | _aESP | ||
| 082 |
_a599.93 _bB169 |
||
| 100 |
_aBoyd, Robert _eAUT |
||
| 245 | 0 | _aHow humans evolved | |
| 260 | _c2003 | ||
| 300 |
_a544 páginas : _c27 cm. |
||
| 650 | _aGEN | ||
| 654 | _aCCN | ||
| 942 |
_cLIB _dJUS _fJUS _2ddc _n |
||
| 999 |
_c15723 _d15723 |
||